|
|
|
|
| LEADER |
00000nam2a2200000 4500 |
| 001 |
143522 |
| 005 |
20231031143243.0 |
| 035 |
|
|
|a (RuTPU)RU\TPU\book\155534
|
| 090 |
|
|
|a 143522
|
| 100 |
|
|
|a 20080919d2008 m y0rusy50 ca
|
| 101 |
0 |
|
|a rus
|
| 102 |
|
|
|a RU
|
| 105 |
|
|
|a a j 000zy
|
| 200 |
0 |
|
|a Ч.2: Методика заполнения полей аналитических библиографических записей на статьи из периодических изданий
|
| 210 |
|
|
|d 2008
|
| 215 |
|
|
|a 59 с.
|c ил.
|
| 461 |
|
1 |
|0 (RuTPU)RU\TPU\book\157140
|t Сводный каталог периодики библиотек России. Проект " Межрегиональная аналитическая роспись статей"
|o методическое пособие
|o в 2 ч.
|f Г. А. Горшкова [и др.]
|g АРБИКОН
|v Ч.2: Методика заполнения полей аналитических библиографических записей на статьи из периодических изданий
|d 2008
|s Корпоративные библиотечные проекты России
|
| 610 |
1 |
|
|a библиотеки
|
| 610 |
1 |
|
|a библиотечное дело
|
| 610 |
1 |
|
|a информационные технологии
|
| 610 |
1 |
|
|a АИС
|
| 610 |
1 |
|
|a автоматизированные библиотечные системы
|
| 610 |
1 |
|
|a периодические издания
|
| 610 |
1 |
|
|a сводные каталоги
|
| 610 |
1 |
|
|a Россия
|
| 610 |
1 |
|
|a библиотечное обслуживание
|
| 610 |
1 |
|
|a библиотечные проекты
|
| 610 |
1 |
|
|a методические пособия
|
| 610 |
1 |
|
|a библиографические записи
|
| 610 |
1 |
|
|a статьи
|
| 610 |
1 |
|
|a аналитическая роспись
|
| 610 |
1 |
|
|a методика
|
| 801 |
|
1 |
|a RU
|b 63413507
|c 20080919
|g PSBO
|
| 801 |
|
2 |
|a RU
|b 63413507
|c 20101019
|g PSBO
|
| 942 |
|
|
|c BK
|